|
|
|
|
| LEADER |
00000cam a2200000 7i4500 |
| 001 |
0000002710 |
| 005 |
20151222.0 |
| 008 |
070713 |
| 020 |
|
|
|a 9831513819
|
| 090 |
0 |
0 |
|a JF
|b AD MAL (3560)
|
| 100 |
0 |
|
|a Mahfuz Aiman
|
| 245 |
1 |
0 |
|a Misteri kanak-kanak zombi
|c Mahfuz Aiman
|
| 260 |
|
|
|a Kuala Lumpur :
|b Penerbitan Fargoes ,
|c 2002
|
| 440 |
|
0 |
|a Siri Hadi
|
| 500 |
|
|
|a Children ages 7-9 years old (orange)
|
| 650 |
|
0 |
|a Detective and mystery stories, Malay
|
| 650 |
|
0 |
|a Malay fiction
|
| 710 |
0 |
|
|a Title
|
| 999 |
|
|
|a 0000968617
|b Book
|c Children Collection
|e Cawangan Bandar Penawar
|
| 999 |
|
|
|a 0000968618
|b Book
|c Children Collection
|e Cawangan Bukit Gambir
|
| 999 |
|
|
|a 0000968619
|b Book
|c Children Collection
|e Cawangan Muar
|
| 999 |
|
|
|a 0000968620
|b Book
|c Children Collection
|e Perbadanan Perpustakaan Awam Johor
|